| 000 | 00548nam a2200157Ia 4500 | ||
|---|---|---|---|
| 008 | 220217s9999 xx 000 0 und d | ||
| 245 | 0 | _aStandard test method for analysis of aqueous extractable protein in latex, natural rubber and elstomeric products using the modified lowry method | |
| 260 | _c2015 | ||
| 500 | _aStandard number: ASTM D 5712 15 | ||
| 650 | _aAqueous extractable protein analysis | ||
| 650 | _aElastomeric products | ||
| 650 | _aLatex analysis | ||
| 650 | _amodified lowry method | ||
| 650 | _aNatural rubber | ||
| 942 | _cST | ||
| 999 |
_c72993 _d72993 |
||